[The religious and loyal protestation of John Gauden, Dr. in Divinity, against the present declared purposes and proceedings of the army and others about the trying and destroying our Soveraign Lord the King] : [sent to a colonel to bee presented to the Lord Fairfax and his generall council of officers, the 5 of Jan. 1648].

Bibliographic Details
Main Author: Gauden, John, 1605-1662
Format: eBook
Language:English
Published: [London : P. for Rich. Royston dwelling in Ivie-Lane, 1648]
Series:Early English books online.
Subjects:
Online Access:Connect to the full text of this electronic book

MARC

Tag First Indicator Second Indicator Subfields
LEADER 00000nam a2200000Ia 4500
001 in00004201248
005 20200806085840.0
006 m g d
007 cr bn |||a|bb|
008 050929s1648 enk o 000 0 eng d
035 |a (OCoLC)61742151 
040 |a UMI  |c UMI 
037 |a CL2105000002  |b ProQuest Information and Learning 300 N. Zeeb Rd., Ann Arbor, MI 48103-1553 
043 |a e-uk--- 
090 |a DA410  |b .G32 1648 
049 |a UMIA 
100 1 |a Gauden, John,  |d 1605-1662. 
245 1 5 |a [The religious and loyal protestation of John Gauden, Dr. in Divinity, against the present declared purposes and proceedings of the army and others about the trying and destroying our Soveraign Lord the King] :  |b [sent to a colonel to bee presented to the Lord Fairfax and his generall council of officers, the 5 of Jan. 1648]. 
260 |a [London :  |b P. for Rich. Royston dwelling in Ivie-Lane,  |c 1648] 
300 |a 1 online resource ([1]+ leaves. 
336 |a text  |b txt  |2 rdacontent 
337 |a computer  |b c  |2 rdamedia 
338 |a online resource  |b cr  |2 rdacarrier 
500 |a Wing suggests date of 1649. 
500 |a Ms. surrogate t.p. only. 
500 |a Some variation from original print edition. 
500 |a Reproduction of original in the British Library. 
510 4 |a Wing  |c G367 
533 |a Electronic reproduction.  |b Ann Arbor, Mich. :  |c UMI,  |d 1999-  |f (Early English books online)  |n Digital version of: (Early English books; Tract supplement ; E4:1[271c])  |7 s1999 miun s 
655 0 |a Title pages  |z England  |y 17th century. 
651 0 |a Great Britain  |x History  |y Civil War, 1642-1649. 
651 0 |a Great Britain  |x Politics and government  |y 1642-1649. 
830 0 |a Early English books online. 
856 4 0 |u http://proxy.library.tamu.edu/login?url=https://search.proquest.com/docview/2248530411  |z Connect to the full text of this electronic book  |t 0 
994 |a 02  |b UMI 
999 f f |s 31f32c20-56e4-3c5c-9d6c-e1d9ef3db095  |i d34810a9-c56f-37ca-afc6-4d276aa08d9c  |t 0 
952 f f |a Texas A&M University  |b College Station  |c Electronic Resources  |d Available Online  |t 0  |e DA410 .G32 1648  |h Library of Congress classification 
998 f f |a DA410 .G32 1648  |t 0  |l Available Online